Biblioteka Instytutu Północnego w Olsztynie

Widok standardowy Widok MARC

Pozycja Personal Name

Liczba rekordów, w których użyto hasła: 1

001 - Numer kontrolny

  • control field: 40786

003 - Identyfikator numeru kontrolnego

  • control field: NUKAT

005 - Data i czas ostatniej modyfikacji

  • control field: 20260428123041.0

008 - Dane kontrolne kodowane (40 znaków)

  • fixed length control field: 980204n||a|znnaabn |a aaa |c

010 ## - Numer kontrolny Biblioteki Kongresu

  • numer kontrolny LC: n 98041505

024 7# - OTHER STANDARD IDENTIFIER

  • Standard number or code: 70182017
  • Source of number or code: viaf

024 7# - OTHER STANDARD IDENTIFIER

  • Standard number or code: 0000000116671237
  • Source of number or code: isni

024 7# - OTHER STANDARD IDENTIFIER

  • Standard number or code: Q112556934
  • Source of number or code: wikidata

040 ## - Instytucja sporządzająca rekord

  • inst. przygot. dane do rek. khw: KR 119/DW
  • język haseł przedmiotowych/tezaurus: kaba
  • inst. wprow. rek. khw: KR 119/DW
  • inst. modyf. rek. khw: WA U/ED

100 1# - Hasło - nazwa osobowa

  • nazwa osobowa w formie ujednoliconej: Jacewicz, Wiktor.

372 ## - Field of activity

  • Field: Kapłaństwo.
  • Auth control #: http://nukat.edu.pl/aut/s 99080082
  • Source of term: kaba

374 ## - Occupation

  • Occupation: Kapłani.
  • Auth control #: http://nukat.edu.pl/aut/s 99080070
  • Source of term: kaba

375 ## - Gender

  • Gender: 1
  • Source of term: iso5218

670 ## - Źródło informacji

  • źródło informacji: Naczelne hasła moralne skautingu / Wiktor Jacewicz. - Kraków, 1992.

670 ## - Źródło informacji

  • źródło informacji: Martyrologium polskiego duchowieństwa rzymskokatolickiego [...] / Wiktor Jacewicz, Jan Woś. - Warszawa, 1977.
Biblioteka Instytutu Północnego, ul. Partyzantów 87, 10-402 Olsztyn, email: biblioteka(at)ip.olsztyn.pl